| 000 | 01797nam a2200409 4500 | ||
|---|---|---|---|
| 003 | PE-LiUPU | ||
| 005 | 20250731173119.0 | ||
| 008 | 210920n 000 0 eng u | ||
| 020 | _a9789004278509 | ||
| 035 | _a(Sirsi) a252884 | ||
| 082 | 0 | 4 |
_a285.90942 _bP36 |
| 100 | 1 |
_aPederson, Randall J., _d1975- _eautor. |
|
| 245 | 1 | 0 |
_aUnity in Diversity : _bEnglish Puritans and the Puritan Reformation, 1603-1689 / _cRandall J. Pederson. |
| 300 |
_a380 páginas, _c24 centímetros |
||
| 440 |
_a(Brill's series in church history, _xISSN1572-4107; _v68) |
||
| 500 | _aIncluye referencias bibliográficas e índice. | ||
| 505 | 0 | _aPart 1 Historical Method and Background. Historiographycal Introduction, Methodology, Hypothesis, and Structure. -Sevententh-Century Background. -PART 2 puritans. John Downame (1571-1652). -Francis Rous (1580/81-1659). -Tobias Crisp (1600-42/3). -PART 3 Unity in Diversity. Unitas within Diversitas: Downame, Rous and Crisp. -Defining Puritan and Puritanism: Narrative and Metanarrative. | |
| 526 | _aSEG42 | ||
| 526 | _aSEG41 | ||
| 526 | _aSEG40 | ||
| 526 | _aSEG39 | ||
| 526 | _aP94 | ||
| 526 | _aP87 | ||
| 526 | _aP86 | ||
| 526 | _aP85 | ||
| 526 | _aP77 | ||
| 526 | _aP76 | ||
| 526 | _aP35 | ||
| 650 | 1 | 4 |
_aPuritanos _zInglaterra _xHistoria _ySiglo XVII. |
| 651 | 4 |
_aInglaterra _xHistoria de la Iglesia _ySiglo XVII. |
|
| 598 | _aCATALOGING | ||
| 596 | _a1 | ||
| 942 |
_2ddc _cBOOK |
||
| 949 |
_a285.90942 _bP36 _wDEWEY _c1 _i70899 _mBC _p200.00 _r0 _sY _tLIBRO _u2021-04-20 _xFACTEO _zTeología _oSTAFF. Colección General |
||
| 999 |
_a285.90942 P36 _wDEWEY _c32082 _i70899 _f2022-6-8 _g1 _kLOST-CLAIM _lCCODEBUL1 _mBUL _p200.00 _r0 _sY _tBOOK _u2021-9-20 _xTEOLOGIA _PP35 _0UNKNOWN _d32082 |
||
| 264 |
_aBoston : _bBrill, _c2014. |
||
| 980 |
_81 _gALBERTO SANCHEZ Responsable de Automatización |
||